Catálogo

LA INVESTIGACION DE LA COMUNICACION EN MEXICO : (Registro nro. 3761)

Detalles MARC
000 -LEADER
fixed length control field 00443nam a2200145 a 4500
001 - CONTROL NUMBER
control field 3761
005 - DATE AND TIME OF LATEST TRANSACTION
control field 20180713183654.0
008 - FIXED-LENGTH DATA ELEMENTS--GENERAL INFORMATION
fixed length control field 140415s1988 000 0 spa d
041 ## - LANGUAGE CODE
Language code of text/sound track or separate title spa
082 ## - DEWEY DECIMAL CLASSIFICATION NUMBER
Classification number 302.01872
Item number INV
245 03 - TITLE STATEMENT
Title LA INVESTIGACION DE LA COMUNICACION EN MEXICO :
Remainder of title LOGROS Y PERSPECTIVAS
260 ## - PUBLICATION, DISTRIBUTION, ETC.
Place of publication, distribution, etc. [s.l.] :
Name of publisher, distributor, etc. EDICIONES DE COMUNICACION,
Date of publication, distribution, etc. 1988
300 ## - PHYSICAL DESCRIPTION
Extent 261
650 14 - SUBJECT ADDED ENTRY--TOPICAL TERM
Topical term or geographic name entry element COMUNICACION
General subdivision INVESTIGACION
-- MEXICO
Existencias
Withdrawn status Lost status Source of classification or shelving scheme Damaged status Not for loan Collection code Home library Current library Shelving location Date acquired Source of acquisition Inventory number Total Checkouts Full call number Barcode Date last seen Date last checked out Price effective from Koha item type
    Dewey Decimal Classification     General Biblioteca Karol Wojtyla Biblioteca Karol Wojtyla Sala general 03/12/2013 Compra 151000000000000000057656   302.01872 INV 15052 05/01/2026 07/10/2014 03/12/2013 Libro